[Event "ITA-ch U20"]
[Site "Tarvisio"]
[Date "2023.07.02"]
[Round "1"]
[White "Miosi, Marco"]
[Black "Panaro, Marco Modesto"]
[Result "1-0"]
[WhiteElo "1942"]
[BlackElo "1358"]
[PlyCount "39"]
[EventDate "2023.07.02"]
[EventType "swiss"]
[EventRounds "9"]
[EventCountry "ITA"]
[SourceTitle "EXT 2024"]
[Source "ChessBase"]
[SourceDate "2023.10.10"]
[SourceVersion "1"]
[SourceVersionDate "2023.10.10"]
[SourceQuality "1"]

1. e4 c6 2. Nc3 d5 3. Qf3 e6 4. d4 Nf6 5. e5 Nfd7 6. Qg3 Qc7 7. Bd3 g6 8. h4 c5 9. Nb5 Qb6 10. h5 c4 11. hxg6 cxd3 12. Rxh7 Rxh7 13. gxh7 Qxb5 14. h8Q dxc2 15. Qb3 Qa6 16. Qxc2 Nc6 17. Ne2 b6 18. Qxc6 Bb7 19. Qd6 Rc8 20. Bg5 1-0